Joueurs de football par images - F - Statistiques

Statistiques générales
  • Ce quiz a été pris 1 823 fois
  • Le résultat moyen est 14 sur 20
Statistiques - réponses
Par images Réponse % Correct
Nabil Fékir
96%
Phil Foden
96%
João Félix
94%
Fabinho
90%
Radamel Falcao
90%
Roberto Firmino
89%
Luís Figo
88%
Ansu Fati
87%
Seko Fofana
85%
Rio Ferdinand
84%
Diego Forlán
83%
Marouane Fellaini
82%
Fernandinho
75%
Cesc Fàbregas
74%
Alessandro Florenzi
54%
Łukasz Fabiański
50%
Just Fontaine
40%
Alexander Frei
17%
Paulo Futre
6%
Elías Figueroa
1%
Aucun quiz correspondant
Distribution des résultats
% des personnes avec chaque résultat
Percentile par nombre de réponses
Votre historique - résultats
Vous n’avez pas pris ce quiz